000 00737nam a2200253 a 4500
008
020 _a0240512995 (hbk. )
049 _aMAIN
090 _aTR899 MIL
100 1 _aMillerson, Gerald.
245 1 _aThe technique of lighting for television and film /
_cGerald Millerson.
250 _a3rd ed.
260 _aOxford :
_bFocal Press ,
_c1991.
300 _a466 p. :
_bill. ;
_c27 cm.
504 _aIncludes bibliographical references.
500 _aIncludes index.
650 0 _aCinematography
_xLighting.
650 0 _aTelevision
_xLighting.
907 _a.b10002315
_b21-02-13
_c17-04-03
003
005 20230123134002.0
040 _cNUST
942 _cBOOKS
_kTR899 MIL
999 _c158021
_d158021